02625nam a2200361 a 4500001001000000003000900010005001700019007000300036008004100039020001600080040003000096082002700126111009700153245013200250264004800382300002800430336002700458337003300485338002800518504007300546505120000619590002701819650004801846650002701894650003401921700003901955700003501994700004402029910004002073942001202113952012102125999001702246000006773DO-SdBPM20260428131012.0ta090902s1994 dr 000 0 spa d a8489536912X aDO-SdBPMbspacBPMSUdrda04a801.95bC749p 19942222 aCongreso Crítico de Literatura Dominicanan(1:d23 - 25 de julio de 1993 :cSanto Domingo)10aPonencias del Congreso Crítico de Literatura Dominicana /ceditores Diógenes Céspedes, Soledad Álvarez, Pedro Vergés. aSanto Domingo :bEditora de colores,c1994. a290 páginas ;c24 cm. atextobtxt2rdacontent asin mediaciónbn2rdamedia avolumenbnc2rdacarrier aIncluye referencias bibliográficas y notas al pie de las páginas0 aDiscurso inagural de /Marcio Veloz Maggiolo -- Biblioestadística de la literatura dominicana 1820-1990 -- Ideologías y vanguardias en la literatura dominicana 1900-1930 -- Ecos del arielismo en varios textos literarios -- Las vanguardias y la identidad cultural en la literatura dominicana--La función social del escritor por la fundación social de la obra -- Poesía y pintura dominicana dominicana. Una relación que todavía pertenece -- La literatura y los parámetros de "lo universal" -- El romancero en Santo Domingo -- Vidas marginadas... causas marginales -- Caraterísticas ideológicas del discurso de izquierdas en nuestra literatura -- La literatura para niños y jóvenes en la República Dominicana -- Percepción de la mujer en la narrativa dominicana -- La novela trujillista -- El escritor y su lengua: límites y posivilidades -- La enseñanza de la literatura en la escuela secundaria y universidad : ¿valor o ideología? -- Haciendo teatro -- Los escritores dominicanos o cómo nadar entre tiburones: un manual -- Mesa redonda en torno a la situación del escritor dominicano -- Palabras de clausura en el Congreso Crítico de Literatura Dominicana. aInventariado, 2026/ VM 7aLiteratura dominicanaxHistoria y crítica 4aMovimientos literarios 7aAutores dominicanosySiglo XX1 aÁlvarez, Soledadd1950-eeditor 1 aVerges, Pedro,d1945-eeditor 12aCéspedes, Diógenes,d1941-eeditor  aVMateo V. Control de calidad BPMSU  2ddccBK 00102ddc708CDaBPMETbBPMETd2026-04-28l0oBPMSU CD 801.95 C749p 1994pBPMSU26040047r2026-04-28w2026-04-28yBK c15804d15804